| 000 | 00662nam a2200229 a 4500 | ||
|---|---|---|---|
| 001 | 66887 | ||
| 003 | BD-RjUL | ||
| 005 | 20211209081605.0 | ||
| 008 | 170320s1984 caua 001 0 eng d | ||
| 020 | _a053403151X | ||
| 035 | _a(BD-RjUL)67018 | ||
| 040 |
_aDLC _cDLC _dDLC _dBD-RjUL _beng |
||
| 041 | _aeng | ||
| 082 | 0 | 0 |
_a510 _bKUB 1984 _223 |
| 100 | 1 |
_aKuhfittig, Peter K F _921762 |
|
| 245 | 1 | 0 |
_aBasic technical mathematics with calculus / _cPeter K F Kuhfittig |
| 260 |
_aMonterey, Calif. : _b Brooks/Cole Pub. Co., _c1984. |
||
| 300 |
_axxiii, 935 p. : _bill. ; _c25 cm. |
||
| 504 | _aIncludes index. | ||
| 650 | 0 |
_aMathematics. _921763 |
|
| 942 |
_2ddc _cBK |
||
| 999 |
_c66887 _d66887 |
||